000 00908cam a22002413a 4500
001 22740
003 PGUSA
005 20140828083502.0
008 070923s2007||||xxu|||||s|||||000 | eng d
040 _aPGUSA
_beng
042 _adc
050 4 _aPZ
100 1 _aFanny, Aunt,
_d1822-1894
245 1 4 _aThe Apple Dumpling and other stories for Young Boys and Girls
_h[electronic resource] /
_cAunt Fanny
260 _bProject Gutenberg,
_c2007
505 0 _aThe apple dumpling -- The brothers -- Annie Browne -- The three bears -- About minding quickly -- The twins -- The little boy that was afraid of the water -- The May Queen -- The toothache -- The boys' school -- The Christmas party.
506 _aPublic domain in the USA.
516 _aElectronic text
653 _aChildren's stories
830 0 _aProject Gutenberg
_v22740
856 4 0 _uhttp://www.gutenberg.org/ebooks/22740
942 _cEB
999 _c251995
_d251995